[Event "WYCC 2018 O18"]
[Site "Halkidiki"]
[Date "2018.10.23"]
[Round "5"]
[White "Gazik, Viktor"]
[Black "Parvanyan, Ashot"]
[Result "1-0"]
[WhiteElo "2486"]
[BlackElo "2428"]
[Annotator "TA"]
[PlyCount "123"]
[EventDate "2018.10.20"]
[EventType "swiss"]
[EventCountry "GRE"]
[SourceTitle "playchess.com"]
[Source "ChessBase"]
[SourceQuality "1"]

{[%evp 20,123,0,0,0,-7,0,0,18,-18,-19,-18,-16,-21,-14,-82,33,28,0,0,0,12,71,44,49,-1,-4,-16,0,0,34,24,28,42,34,-37,35,0,0,0,0,0,0,0,0,0,43,40,56,61,62,62,69,32,97,97,131,131,146,113,176,167,129,46,224,224,215,215,192,190,292,264,234,249,243,208,228,123,29950,29952,29954,29953,29969,29957,29973,29974,29973,29961,29975,29976,29976,29977,29977,29978,29979,29980,29980,29981,29981,29982,29982,29983,29983,29984,29985,212]} 1. Nf3 Nf6 2. g3 g6 3. Bg2 Bg7 4. O-O O-O 5. d4 d6 {[%cal Bd7d6,Bd6e5,Be5e4][%mdl 32]} 6. b3 c5 7. c4 e5 {E60: King's Indian: Unusual lines and Fianchetto Variation without Nc3} (7... d5 8. Na3 cxd4 9. Nxd4 e5 10. Nf3 Nc6 11. cxd5 Nxd5 12. Bb2 Re8 13. e4 Ndb4 14. Nc4 Bg4 15. h3 Bxf3 16. Bxf3 {0-1 (24) Dreev,A (2649)-Jones,G (2677) chess.com INT 2018}) 8. dxe5 dxe5 9. Bb2 e4 10. Ng5 Qe7 11. Nc3 {[%cal Rg5e4] LiveBook: 3 Games} Bf5 12. Nh3 Bxh3 $146 ({Predecessor:} 12... Rd8 13. Qc1 Nc6 14. Nf4 Nd4 15. Kh1 {½-½ (81) Stefanova,A (2500)-Harika,D (2504) Huaian 2017}) 13. Bxh3 Nc6 14. Qd2 Rad8 15. Qe3 Nd4 16. Rad1 Rfe8 17. Na4 (17. Kh1 $1 $11 {was the only way to keep the balance.}) 17... Qf8 {[#]} (17... b6 $1 $17) 18. Nxc5 $1 $14 {[%mdl 512]} Bh6 (18... Qxc5 19. Rxd4) 19. Qxd4 $1 Rxd4 20. Bxd4 b6 (20... Qe7 $11) 21. Na4 {[%cal Bc5a4,Ba4c3,Bc3b5][%mdl 32]} (21. Bxf6 Qxc5 22. Bd7 Rb8 $11) 21... Qe7 22. b4 Bg7 23. c5 bxc5 24. bxc5 Qc7 25. Nc3 Nh5 {Threatens to win with ...Bxd4.} 26. Nb5 Qa5 27. Bd7 (27. Nd6 $14 Bxd4 28. Nxe8 Bxc5 29. e3) 27... Rb8 (27... Rf8 $15) 28. c6 Rxb5 29. Bxg7 $1 ({Much weaker is} 29. c7 Qxc7 30. Bxg7 (30. Bxb5 Bxd4 31. Rxd4 Qb6 $17) 30... Ra5 $17) 29... Kxg7 {[#]} 30. c7 $1 {[%mdl 512]} Rc5 (30... Qxc7 31. Bxb5) 31. c8=Q Rxc8 32. Bxc8 Qxa2 33. e3 Nf6 34. Ra1 $36 {[%mdl 2048] White is more active.} Qb2 35. Bh3 Qb6 36. Ra4 Qc5 (36... Nd5 $14) 37. Rfa1 $16 Qh5 38. Bg2 Qf5 39. Ra5 ({Much less strong is} 39. Rxa7 Ng4 $16) 39... Qe6 (39... Qc8 $16) 40. Rxa7 $18 h5 41. Rc1 (41. h3 $16) 41... Ne8 $2 (41... Ng4 $1 $14) 42. Bf1 Nd6 43. Rd1 Nf5 44. Rdd7 h4 (44... Nd6 $142 45. h4 Nc8) 45. g4 ({Less strong is} 45. Rxf7+ Qxf7 46. Rxf7+ Kxf7 $16) 45... Nd6 46. h3 $1 Kh6 47. Re7 Qd5 48. Ra6 (48. Rec7 $18) 48... Nc4 $2 {[%mdl 8192] [#]} (48... Nb7 $16 49. Ra7 Nd6) 49. Bxc4 $1 {White mates.} Qxc4 {[%mdl 4096] Endgame [#] KQ-KRR} 50. Rf6 $1 {[%cal Rf6f7]} Kg7 51. Rexf7+ Qxf7 52. Rxf7+ Kxf7 {KP-KP} 53. f4 Ke6 54. Kf2 Kd5 55. Ke2 Kc5 56. Kd2 Kd5 57. Kc3 Kc5 58. g5 Kd5 59. Kb4 Kd6 60. Kc4 Ke6 61. Kc5 Kf5 62. Kd4 {Precision: White = 61%, Black = 34%.} 1-0

[Event "WYCC 2018 O18"]
[Site "Halkidiki"]
[Date "2018.10.23"]
[Round "5"]
[White "Livaic, Leon"]
[Black "Tran, Minh Thang"]
[Result "1/2-1/2"]
[WhiteElo "2481"]
[BlackElo "2341"]
[Annotator "TA"]
[PlyCount "106"]
[EventDate "2018.10.20"]
[EventType "swiss"]
[EventCountry "GRE"]
[SourceTitle "playchess.com"]
[Source "ChessBase"]
[SourceQuality "1"]

{[%evp 32,106,0,-12,0,-39,44,2,15,14,44,44,44,44,44,18,30,0,45,45,45,0,0,0,0,0,0,0,44,32,95,0,0,0,0,0,0,0,0,-2,0,0,19,19,19,19,27,27,61,19,76,69,77,33,41,18,21,31,75,8,8,8,8,8,8,8,8,8,8,0,0,0,8,0,0,0,0]} 1. d4 {Hansen,Cu} Nf6 2. c4 e6 3. Nf3 d5 4. Nc3 Bb4 5. Qa4+ Nc6 6. cxd5 exd5 7. Bg5 h6 8. Bxf6 Qxf6 9. e3 O-O 10. Be2 Be6 11. O-O a6 12. Rfc1 Bd6 13. Qd1 Ne7 14. Na4 {[%cal Bc3a4,Ba4b2,Bb2d3][%mdl 32] D38: Damengambit (Ragosin-Verteidigung)} b6 15. b4 (15. a3 g5 16. g3 Qg7 17. Bf1 f5 18. Qe1 Kh8 19. b4 Ng6 20. Rc6 g4 21. Nd2 Qd7 {½-½ (52) Wang,H (2734)-Leko,P (2712) Danzhou 2016}) 15... g5 16. Nb2 Ng6 17. Nd3 {LiveBook: 5 Partien} h5 {[#]} 18. Rc3 $146 ({Vorgänger:} 18. Nfe5 g4 19. f4 Nh4 20. a4 Qg7 21. a5 f6 {0-1 (40) Beliavsky,A (2595)-Lautier,J (2580) Biel 1992 CBM 031 [Hansen,Cu]}) 18... h4 ({Günstiger ist} 18... g4 $15 19. Nd2 a5) 19. Rac1 a5 20. b5 Rac8 21. h3 Kg7 22. a4 Bf5 23. Nd2 Qe6 24. Bg4 Rce8 25. Bxf5 Qxf5 26. Qg4 Qxg4 27. hxg4 f5 28. gxf5 Rxf5 29. Nf3 h3 30. Nfe5 hxg2 (30... Bxe5 $14 31. Nxe5 (31. dxe5 Rf7 $16) 31... Nxe5 32. dxe5 Rexe5) 31. Nxg6 ({Lieber} 31. Rxc7+ $16 Bxc7 32. Rxc7+ Re7 33. Rd7) 31... Kxg6 $11 32. Kxg2 Re4 33. Rh1 Rg4+ 34. Kf1 Rh4 35. Rg1 Kf6 36. Ke2 Rh2 37. Rcc1 Ke6 38. Rg4 Kd7 39. Rcg1 Rh5 40. Ne1 c6 (40... Be7 $11 {hält das Gleichgewicht.}) 41. bxc6+ $16 Kxc6 42. Nf3 {[%cal Rf3g5]} b5 43. axb5+ Kxb5 44. Nxg5 a4 45. e4 (45. Nf3 $16 Rh6 46. Rb1+ Ka6 47. Ne5) 45... Rf4 $11 {Die Stellung ist ausgeglichen.} 46. Rxf4 Bxf4 {[%mdl 4096] Endspiel KTL-KTS} 47. Ne6 Bd6 48. Rb1+ Kc4 49. Rc1+ Kb5 50. Rb1+ Kc4 51. Rc1+ Kb5 52. Ng7 Rg5 53. Nf5 Bb4 {Precision: Weiß = 53%, Schwarz = 44%.} 1/2-1/2

[Event "WYCC 2018 O18"]
[Site "Halkidiki"]
[Date "2018.10.23"]
[Round "5"]
[White "Fakhrutdinov, Timur"]
[Black "Moroni, Luca Jr"]
[Result "1/2-1/2"]
[WhiteElo "2472"]
[BlackElo "2554"]
[Annotator "TA"]
[PlyCount "48"]
[EventDate "2018.10.20"]
[EventType "swiss"]
[EventCountry "GRE"]
[SourceTitle "playchess.com"]
[Source "ChessBase"]
[SourceQuality "1"]

{[%evp 14,48,8,16,29,0,0,0,0,12,36,0,0,0,0,0,0,0,7,0,14,-14,-12,-14,0,-17,-15,-42,0,-25,-22,-27,-12,-18,0,0,0]} 1. e4 e5 2. Nf3 Nc6 3. Bc4 Bc5 4. c3 Nf6 5. d3 d6 6. a4 {C54: Italienische Partie (Hauptvariante)} (6. Nbd2 a6 7. Bb3 h6 8. Nf1 d5 9. exd5 Nxd5 10. Ng3 O-O 11. O-O Re8 12. Re1 Nf6 13. h3 Be6 14. Bc2 Bd5 15. Nh4 {½-½ (43) Duda,J (2739)-Mamedyarov,S (2820) Batumi 2018}) 6... a6 7. Bg5 {[%cal Bc1g5,Bg5h4,Bh4g3][%mdl 32]} h6 8. Bh4 {LiveBook: 22 Partien} Be6 9. Nbd2 g5 10. Bg3 Nh5 $146 ({Vorgänger:} 10... Ba7 11. b4 Ne7 12. h3 Ng6 13. Bh2 Qd7 14. Qb3 c6 15. Bxe6 fxe6 16. d4 exd4 17. Nxd4 {1-0 (46) Popov,I (2596)-Golubov,S (2481) Sochi 2016}) 11. b4 {[%cal Bb2b4,Bb4b5][%mdl 32]} Ba7 12. b5 Na5 13. Bxe6 fxe6 14. Ng1 Nxg3 15. hxg3 Kd7 16. g4 Qf8 {[%csl Ga7][%cal Rf8f2] [#]} 17. Qf3 Qg8 {Und ...Tf8 würde nun gewinnen.} 18. Qe2 Rf8 19. Nh3 {[#]} h5 $1 {[%mdl 512] zielt auf ...hxg4 ab.} 20. Rf1 (20. gxh5 g4) 20... Bb6 21. O-O-O Qg7 22. Kc2 Ra8 23. Ra1 Ra7 24. Rh1 Raa8 {Precision: Weiß = 55%, Schwarz = 58%.} 1/2-1/2

[Event "WYCC 2018 O18"]
[Site "Halkidiki"]
[Date "2018.10.23"]
[Round "5"]
[White "Pultinevicius, Paulius"]
[Black "Triapishko, Alexandr"]
[Result "1/2-1/2"]
[WhiteElo "2465"]
[BlackElo "2508"]
[Annotator "TA"]
[PlyCount "106"]
[EventDate "2018.10.20"]
[EventType "swiss"]
[EventCountry "GRE"]
[SourceTitle "playchess.com"]
[Source "ChessBase"]
[SourceQuality "1"]

{[%evp 19,106,15,14,0,0,0,0,-13,-17,-38,-31,-49,-53,-38,-13,-10,-12,-20,-20,-20,-20,-47,-41,-61,-52,-85,-77,-78,-78,-104,-104,-104,-89,-104,-89,-104,-89,-89,-89,-126,-126,-126,-126,-126,-118,-118,-104,-104,-104,-127,-104,-104,-104,-104,-104,-104,-104,-104,-104,-104,-104,-104,-104,-104,-104,-104,-104,-102,-102,-102,-102,-94,-84,-84,-84,-84,-84,-84,-84,-84,-84,-84,-84,-90,-84,-116,-132,-139,-133]} 1. d4 Nf6 2. Nf3 g6 3. Nbd2 Bg7 4. e4 d6 5. Bd3 O-O 6. O-O Nc6 7. c3 e5 8. dxe5 Nxe5 9. Nxe5 dxe5 10. Nc4 Nh5 {LiveBook: 39 Games} 11. Bc2 {B07: Pirc Defence: Miscellaneous Systems} (11. g3 Qe7 12. Qe2 Rd8 13. Rd1 Be6 14. Be3 Bf6 15. Na5 c6 16. b4 Ng7 17. Rd2 Qc7 18. Rad1 b6 {½-½ (45) Xiong,J (2650)-Arribas Lopez,A (2460) Irving 2018}) 11... Be6 12. Qxd8 Rfxd8 13. Bb3 $146 {The position is equal.} ({Predecessor:} 13. Ne3 Nf4 14. Rd1 Rxd1+ 15. Bxd1 Rd8 16. Bb3 Bxb3 17. axb3 Nd3 18. Nd5 Nxc1 19. Rxc1 {½-½ (60) Shikerov,S (2339)-Beaumont,C (2328) West Bromwich 2003}) 13... a5 {[%cal Ba7a5,Ba5a4][%mdl 32] [#] Threatens to win with ...a4.} 14. Ne3 Nf4 15. Rd1 Rxd1+ 16. Nxd1 a4 17. Bxe6 Nxe6 18. Be3 f5 $36 {[%cal Bf7f5,Bf5f4][%mdl 2080] White is under pressure.} 19. f3 f4 20. Bd2 b5 21. Nf2 c5 {[%cal Bc7c5,Bc5c4][%mdl 32]} 22. Rd1 c4 23. Bc1 Rd8 24. Rxd8+ Nxd8 $17 {[%mdl 4096] Endgame KBN-KBN} 25. Kf1 g5 26. Ke2 Nb7 27. Bd2 Kf7 28. g4 Bf8 29. a3 Nc5 30. Be1 Ke6 31. Kd2 Be7 32. Kc2 h6 33. h3 Bd8 34. Nd1 Kf7 35. Bf2 Nd3 36. Kd2 Kg6 37. Bg1 Be7 38. Ba7 Kg7 39. Bg1 Kf7 40. Ba7 Ke6 41. Bg1 Kd7 42. Ba7 Kc6 43. Bg1 Kb7 44. Bf2 Bd8 (44... Bd6 {with more complications.} 45. Bg1 Kc7 46. Ba7 Kd8 47. Bb6+ Kd7) 45. Bg1 Bb6 (45... Kc6 {seems wilder.} 46. Ke2 Kc7 47. Bf2 Kb7 48. Kd2 Be7) 46. Bxb6 Kxb6 {KN-KN} 47. Ke2 Kc5 48. Kd2 Kd6 49. Ke2 Ke6 50. Kd2 Kf6 51. Ke2 Kg6 52. Kd2 h5 53. Ke2 h4 {Precision: White = 62%, Black = 85%.} 1/2-1/2

[Event "WYCC 2018 O18"]
[Site "Halkidiki"]
[Date "2018.10.23"]
[Round "5"]
[White "Makhnev, Denis"]
[Black "Sarana, Alexey"]
[Result "0-1"]
[WhiteElo "2442"]
[BlackElo "2641"]
[Annotator "TA"]
[PlyCount "86"]
[EventDate "2018.10.20"]
[EventType "swiss"]
[EventCountry "GRE"]
[SourceTitle "playchess.com"]
[Source "ChessBase"]
[SourceQuality "1"]

{[%evp 19,86,-22,-15,-11,-18,-22,-25,-16,-17,-33,-18,-13,-24,-122,-111,-102,-97,-110,-98,-106,-100,-106,-103,-96,-107,-160,-143,-145,-145,-186,0,0,0,0,0,-33,0,-40,-40,-41,-30,-40,-33,-52,-47,-61,-69,-129,-132,-155,-155,-155,-155,-155,-129,-129,-129,-129,-129,-129,-129,-239,-239,-310,-310,-647,-619,-576,-569]} 1. d4 Nf6 2. c4 e6 3. g3 d5 {[%cal Bd7d5,Bd5c4,Bc4c3,Bc3c2][%mdl 32]} 4. Bg2 Bb4+ 5. Nd2 O-O 6. Ngf3 dxc4 7. O-O b5 {E04: Open Catalan: 5 Nf3} 8. b3 (8. a4 c6 9. axb5 cxb5 10. Ng5 Nd5 11. e4 Nc7 12. Nxh7 Kxh7 13. Qh5+ Kg8 14. e5 Nd7 15. Bxa8 Nxa8 16. Rxa7 {1-0 (65) Xu,X (2581)-Wei,Y (2734) Tianjin 2018}) 8... c3 9. Nb1 Bb7 10. a3 Be4 {LiveBook: 3 Games} 11. Qe1 ({Don't go for} 11. axb4 $2 c2 $19) 11... c2 $1 {[%csl LRb1,LRe1]} 12. Nc3 Bxc3 $1 13. Qxc3 Nc6 {Hoping for ...a5.} 14. Bb2 {[#]} a5 $146 {[%cal Ba7a5,Ba5a4][%mdl 32]} ({Predecessor:} 14... b4 15. axb4 {0-1 (24) Doluweera,M (2171)-Brunello,S (2552) Batumi 2018}) 15. Rfc1 b4 16. Qe3 (16. Qc4 $11 {remains equal.}) 16... Qd5 $1 $17 17. Ne1 Bxg2 18. Nxg2 a4 $1 $36 {[%cal Ra4b3][%mdl 2048] White is under strong pressure.} 19. Rxc2 axb3 20. Rc5 {[#]} bxa3 $1 {[%mdl 512]} 21. Rxa3 Rxa3 22. Rxd5 (22. Bxa3 $142 Qd7 23. d5 exd5 24. Qxb3) 22... Nxd5 23. Qd3 Rfa8 24. Ne3 Ra1+ $2 (24... Ncb4 $19 25. Qc4 {[#]} Ra1+ $1 {[%mdl 512]} 26. Kg2 Nxe3+ 27. fxe3 Rb1 28. Qxb3 Ra2 29. Qxb4 Rbxb2) 25. Kg2 $11 Nxe3+ 26. fxe3 R1a6 27. Qc3 Ne7 {...Nd5 is the strong threat.} 28. d5 {[%csl Gb2][%cal Rc3g7]} (28. e4 {is interesting.} Ra2 29. Qxb3 Kh8 30. h4 h6 31. Kf3) 28... f6 29. dxe6 Rxe6 {Strongly threatening ...Nd5.} 30. Qxb3 Kf7 31. Bd4 Rd8 32. Qc2 Nc6 33. Qxh7 (33. Kf2 $15) 33... Nxd4 $17 34. Qh5+ Kg8 35. exd4 Rxd4 {[%mdl 4096] Endgame KQ-KRR} 36. Qc5 Rd7 37. Qc4 Rde7 38. h4 Kh8 39. Kh3 Rxe2 40. h5 (40. Qd5 $17 {keeps fighting.}) 40... R2e5 $19 41. g4 Re3+ 42. Kh2 $2 (42. Kh4) 42... Re2+ 43. Kg1 R2e4 {Precision: White = 33%, Black = 88%.} 0-1

[Event "WYCC 2018 O18"]
[Site "Halkidiki"]
[Date "2018.10.23"]
[Round "5"]
[White "Ioannidis, Evgenios"]
[Black "Beukema, Jasper"]
[Result "0-1"]
[WhiteElo "2407"]
[BlackElo "2256"]
[Annotator "ChessBase"]
[PlyCount "65"]
[EventDate "2018.10.20"]
[EventType "swiss"]
[EventCountry "GRE"]
[SourceTitle "playchess.com"]
[Source "ChessBase"]
[SourceQuality "1"]
[TimeControl "40/5400+30:1800+30"]

1. d4 {[%emt 0:00:19]} f5 {[%emt 0:00:00]} 2. Nc3 {[%emt 0:00:30]} d5 {[%emt 0:02:46]} 3. Bf4 {[%emt 0:00:20]} Nf6 {[%emt 0:00:44]} 4. Nb5 {[%emt 0:00:24]} Na6 {[%emt 0:00:34]} 5. e3 {[%emt 0:00:30]} e6 {[%emt 0:03:49]} 6. Nf3 {[%emt 0:01:45]} c6 {[%emt 0:01:18]} 7. Nc3 {[%emt 0:00:05]} b6 {[%emt 0:02:10]} 8. Ne5 {[%emt 0:02:52]} Nb8 {[%emt 0:00:07]} 9. Bd3 {[%emt 0:04:17]} Be7 {[%emt 0:01:01]} 10. g4 {[%emt 0:03:43]} fxg4 {[%emt 0:08:45]} 11. Nxg4 {[%emt 0:00:47]} Nbd7 {[%emt 0:09:56]} 12. Rg1 {[%emt 0:05:40]} g6 {[%emt 0:08:28]} 13. Ne5 Nxe5 {[%emt 0:02:22]} 14. Bxe5 {[%emt 0:22:36]} Rf8 {[%emt 0:02:51]} 15. Qd2 {[%emt 0:07:50]} a6 {[%emt 0:02:15]} 16. O-O-O {[%emt 0:07:17]} c5 {[%emt 0:02:50]} 17. e4 {[%emt 0:03:02]} c4 {[%emt 0:04:49]} 18. Bf1 {[%emt 0:00:45]} b5 {[%emt 0:00:19]} 19. Bxf6 {[%emt 0:10:40]} Bxf6 {[%emt 0:07:04]} 20. exd5 {[%emt 0:00:11]} exd5 {[%emt 0:00:49]} 21. Re1+ {[%emt 0:05:11]} Kf7 {[%emt 0:01:54]} 22. Nxd5 {[%emt 0:00:04]} Kg7 {[%emt 0:12:46]} 23. Bg2 {[%emt 0:02:13]} Bh4 {[%emt 0:02:53]} 24. Ne7 {[%emt 0:10:30]} Ra7 {[%emt 0:00:50]} 25. Nc6 {[%emt 0:00:11]} Qf6 {[%emt 0:01:20]} 26. Nxa7 {[%emt 0:00:24]} Bg5 {[%emt 0:01:26]} 27. Re3 {[%emt 0:00:18]} Qxf2 {[%emt 0:00:43]} 28. Rge1 {[%emt 0:00:23]} Bg4 {[%emt 0:03:22]} 29. h3 {[%emt 0:06:19]} Bh5 {[%emt 0:01:31]} 30. Be4 {[%emt 0:01:14]} b4 {[%emt 0:00:48]} 31. Nc6 {[%emt 0:04:25]} Bxe3 {[%emt 0:01:52]} 32. Rxe3 {[%emt 0:00:44]} Qxe3 {[%emt 0:00:13]} 33. Bg2 0-1

[Event "WYCC 2018 O18"]
[Site "Halkidiki"]
[Date "2018.10.23"]
[Round "5"]
[White "Ayats Llobera, Gerard"]
[Black "Abdusattorov, Nodirbek"]
[Result "1/2-1/2"]
[WhiteElo "2399"]
[BlackElo "2558"]
[Annotator "TA"]
[PlyCount "141"]
[EventDate "2018.10.20"]
[EventType "swiss"]
[EventCountry "GRE"]
[SourceTitle "playchess.com"]
[Source "ChessBase"]
[SourceQuality "1"]

{[%evp 17,141,6,20,4,6,13,31,35,50,39,66,28,69,59,62,65,88,86,95,102,94,94,94,94,94,87,95,74,64,74,65,0,13,-44,25,32,33,11,25,13,20,14,41,0,0,0,0,0,0,0,8,8,8,8,8,8,8,0,0,0,0,-8,-8,-8,-8,-8,0,-8,-8,-8,-8,-8,-8,-8,-8,-8,-8,-8,-8,-8,-8,-8,-8,-8,-8,-8,-8,-8,-8,-8,-8,-8,-8,-8,-8,-8,-8,-8,-8,-8,-8,-8,-8,-8,-8,-8,-8,-8,0,-8,-8,-8,-8,-8,-8,-8,-8,-8,-8,-8,-8,-8,-8,-8,0,-8]} 1. e4 c5 2. Ne2 Nf6 3. Nbc3 d6 4. g3 Nc6 5. Bg2 g6 6. O-O Bg7 7. d3 O-O 8. h3 e5 9. Be3 {B25: Closed Sicilian: 3 g3, lines without early Be3} Nd4 {LiveBook: 13 Games} 10. a4 $146 ({Predecessor:} 10. Kh2 Nh5 11. Nd5 Be6 12. c3 Nxe2 {½-½ (12) Rublevsky,S (2680)-Gelfand,B (2733) Sochi 2007}) 10... Be6 11. f4 exf4 12. Nxf4 Qb6 13. Rb1 ({But not} 13. Nxe6 fxe6 14. Ne2 Nh5 $15) 13... Rae8 14. Qd2 Nc6 15. g4 Qa5 16. Nb5 {[#] aiming for Qxa5.} Qxd2 17. Bxd2 Rd8 18. e5 dxe5 19. Nxe6 fxe6 20. Bxc6 $1 bxc6 21. Nc7 Rd6 22. Be3 Nd7 23. Rxf8+ Kxf8 24. Na6 (24. Kg2 $14) 24... e4 $1 $11 25. Nxc5 (25. dxe4 $11 Bd4 26. Kf2) 25... exd3 (25... Nxc5 $15 26. Bxc5 Bd4+ 27. Bxd4 Rxd4) 26. Nxd3 Bd4 27. Kf2 Ke7 28. Ke2 Bxe3 29. Kxe3 {[%mdl 4096] Endgame KRN-KRN} Nb6 30. c3 Nc4+ {The position is equal.} 31. Ke2 e5 32. b3 e4 33. bxc4 exd3+ {KR-KR} 34. Kd2 Rd7 35. a5 Kd6 $1 36. Kxd3 Kc5+ 37. Kc2 Rf7 38. a6 {Rb7 is the strong threat.} Rf2+ 39. Kd3 Rf3+ 40. Ke4 Rxh3 41. Rb7 Rxc3 42. Rxa7 Rxc4+ 43. Kd3 h6 44. Rh7 Rxg4 {Threatens to win with ...h5.} 45. a7 Ra4 {Strongly threatening ...h5.} 46. Rxh6 g5 47. Rg6 Rxa7 {And now ...Rd7+ would win.} 48. Rxg5+ Kb4 49. Kc2 c5 50. Rg4+ c4 51. Rg3 Rh7 52. Kb2 Rh6 53. Kc2 Rh2+ 54. Kc1 Re2 55. Rh3 Kc5 56. Rh5+ Kd4 57. Rh4+ Kc3 {[%cal Re2e1] [#]} 58. Rh3+ Kb4 59. Rg3 Re4 60. Kc2 Rh4 61. Kb2 Rd4 62. Kc2 Rd5 63. Rh3 Rg5 64. Kb2 Rg2+ 65. Kc1 Rf2 66. Rg3 Rh2 67. Rf3 Kc5 68. Rf5+ Kd4 69. Rf4+ Kd5 70. Rf3 Kc5 71. Rg3 {Precision: White = 65%, Black = 61%.} 1/2-1/2

[Event "WYCC 2018 O18"]
[Site "Halkidiki"]
[Date "2018.10.23"]
[Round "5"]
[White "Haug, Johannes"]
[Black "Radovanovic, Mihajlo"]
[Result "0-1"]
[WhiteElo "2391"]
[BlackElo "2466"]
[Annotator "TA"]
[PlyCount "126"]
[EventDate "2018.10.20"]
[EventType "swiss"]
[EventCountry "GRE"]
[SourceTitle "playchess.com"]
[Source "ChessBase"]
[SourceQuality "1"]

{[%evp 16,126,0,7,16,0,4,-6,0,0,0,0,27,20,10,10,31,-8,0,-26,-26,-19,0,-8,-8,-6,-3,-12,-1,-8,-13,-14,-9,-21,11,-11,0,-36,-12,-7,-8,-14,-10,-10,0,0,0,0,0,-7,0,0,4,0,0,0,0,0,0,0,8,0,0,0,0,0,0,0,0,0,0,0,0,-6,-4,-17,-17,-20,-12,-38,-35,-37,-37,-93,0,0,0,0,0,-110,-8,-8,-8,-102,-106,-110,-113,-258,-267,-267,-275,-300,-300,-267,-285,-416,-452,-1157,-1284,-4794,-2534,-29981,-29982]} 1. e4 c5 2. Nf3 d6 3. Bb5+ Nd7 4. d4 cxd4 5. Qxd4 a6 6. Bxd7+ Bxd7 7. O-O Nf6 8. Bg5 e6 {B51: Sicilian: Moscow Variation (3 Bb5+) without 3...Bd7} 9. Nbd2 {LiveBook: 14 Games} Bb5 $146 ({Predecessor:} 9... Bc6 10. Nc4 b5 11. Nb6 Rb8 12. Nd5 exd5 13. exd5 Bb7 14. Rfe1+ Kd7 15. a4 Be7 16. axb5 axb5 {1-0 (29) Bok,B (2598)-Wojtaszek,R (2749) Doha 2016}) 10. c4 Bc6 {The position is equal.} 11. e5 dxe5 12. Qxd8+ Rxd8 13. Nxe5 Bd7 14. Rfd1 Be7 15. Be3 O-O 16. Nxd7 Rxd7 17. f3 Rfd8 18. Kf2 Bd6 19. g3 Be5 20. Rab1 h5 21. Ke2 {[#]} h4 $1 {[%mdl 512]} 22. Bb6 (22. gxh4 Bxh2) 22... Rc8 23. Bf2 hxg3 24. hxg3 g5 {[%cal Bg7g5,Bg5g4][%mdl 32]} 25. b3 g4 26. f4 Bd4 (26... Bc7 {is more complex.} 27. Nf1 Re7 28. c5 Ne4 29. Rd3 Kg7) 27. Bxd4 Rxd4 28. Nf1 Re4+ 29. Kf2 b5 30. Ne3 bxc4 31. bxc4 Rc5 32. Rd3 Rh5 33. Rc1 {White wants to play c5.} e5 34. fxe5 Rexe5 35. Kg2 Kg7 36. Rf1 Re8 37. Nf5+ Kh7 38. Ne3 Kg6 39. Rf4 Rg5 40. Rd6 Re6 41. Rxe6 fxe6 $11 {[%mdl 4096] Endgame KRN-KRN} 42. Rd4 Kf7 43. a3 Ra5 44. Rd3 Ke7 45. Rb3 Kd6 46. Kf2 Kc6 47. Nc2 Rf5+ 48. Ke2 {aiming for Nd4+.} Kc5 49. Ne3 (49. Rb8 $15) 49... Rh5 (49... Rf3 $17 50. Rb8 Rxg3) 50. Rb8 Kd4 51. Rd8+ Ke4 52. Ng2 {[#]} (52. Nf1 $11 {remains equal.}) 52... Rh2 (52... Rh3 $1 $17 {[%cal Rh3g3]} 53. Nf4 Rxg3 54. Nxe6 Rxa3) 53. Kf2 Ke5 54. Rd3 (54. c5 $1 $11) 54... Ne4+ $17 55. Kg1 Rh3 56. Ne3 (56. Nf4 $17 Rxg3+ 57. Rxg3 Nxg3 58. Nd3+ Kd4 59. Nb4) 56... Rxg3+ $19 57. Kh2 Rh3+ 58. Kg1 Kf4 59. Ng2+ Kf5 60. Ne3+ {[#]} (60. Ne1 $142) 60... Kg5 $1 61. Rb3 (61. Kf1 $142) 61... Rf3 62. Rd3 Ng3 63. c5 Ne2+ {Precision: White = 36%, Black = 59%.} 0-1